Leadership when the heat's on : (Record no. 358006)
[ view plain ]
| 000 -LEADER | |
|---|---|
| fixed length control field | 00580nam a2200217Ia 4500 |
| 008 - FIXED-LENGTH DATA ELEMENTS--GENERAL INFORMATION | |
| fixed length control field | 180620s9999 xx 000 0 und d |
| 020 ## - INTERNATIONAL STANDARD BOOK NUMBER | |
| International Standard Book Number | 0-07-141406-1 |
| 050 ## - LIBRARY OF CONGRESS CALL NUMBER | |
| Classification number | REF HD 57.7 |
| 050 ## - LIBRARY OF CONGRESS CALL NUMBER | |
| Item number | .C69 2003 |
| 100 ## - MAIN ENTRY--PERSONAL NAME | |
| Personal name | Cox, Danny. |
| 245 #0 - TITLE STATEMENT | |
| Title | Leadership when the heat's on : |
| 245 #0 - TITLE STATEMENT | |
| Remainder of title | 24 lessons in high performance management / |
| 245 #0 - TITLE STATEMENT | |
| Statement of responsibility, etc | Danny Cox with John Hoover. |
| 260 ## - PUBLICATION, DISTRIBUTION, ETC. (IMPRINT) | |
| Place of publication, distribution, etc | New York : |
| 260 ## - PUBLICATION, DISTRIBUTION, ETC. (IMPRINT) | |
| Name of publisher, distributor, etc | McGraw-Hill, |
| 260 ## - PUBLICATION, DISTRIBUTION, ETC. (IMPRINT) | |
| Date of publication, distribution, etc | 2003 |
| 300 ## - PHYSICAL DESCRIPTION | |
| Extent | 48 pages : |
| 300 ## - PHYSICAL DESCRIPTION | |
| Dimensions | 23 cm. |
| 440 ## - SERIES STATEMENT/ADDED ENTRY--TITLE | |
| Title | McGraw-Hill professional education |
| 650 ## - SUBJECT ADDED ENTRY--TOPICAL TERM | |
| Topical term or geographic name as entry element | Leadership. |
| Withdrawn status | Lost status | Damaged status | Home library | Current library | Shelving location | Date acquired | Total Checkouts | Full call number | Barcode | Date last seen | Price effective from | Koha item type |
|---|---|---|---|---|---|---|---|---|---|---|---|---|
| South Mansfield College | South Mansfield College | Reference Section | 03/07/2005 | REF HD 57.7 .C69 2003 | SMC00870 | 06/20/2018 | 06/20/2018 |